[Event "BAN-chB 47th"]
[Site "Dhaka"]
[Date "2022.11.05"]
[Round "10"]
[White "Md Zaber, Al Hamid"]
[Black "Sacchu, Afzal Hossain"]
[Result "1/2-1/2"]
[WhiteElo "1752"]
[BlackElo "2017"]
[PlyCount "226"]
[EventDate "2022.10.27"]
[EventType "swiss"]
[EventRounds "11"]
[EventCountry "BAN"]
[SourceTitle "EXT 2024"]
[Source "ChessBase"]
[SourceDate "2023.10.10"]
[SourceVersion "1"]
[SourceVersionDate "2023.10.10"]
[SourceQuality "1"]

1. d4 Nf6 2. c4 g6 3. Nc3 Bg7 4. e4 d6 5. f4 0-0 6. Be2 Nbd7 7. e5 Ne8 8. Be3 c5 9. exd6 Nxd6 10. Nf3 Nf5 11. Bf2 Qb6 12. 0-0 cxd4 13. Rb1 Qd6 14. Nb5 Qxf4 15. Nbxd4 Nxd4 16. Nxd4 Ne5 17. Qc1 Qxc1 18. Rfxc1 Ng4 19. Bxg4 Bxg4 20. h3 Bd7 21. Rd1 a6 22. b3 e5 23. Ne2 Bf5 24. Rbc1 Rfd8 25. Bb6 Rxd1+ 26. Rxd1 Re8 27. Kf2 h5 28. Nc3 g5 29. Nd5 Kh7 30. Ne3 Be6 31. g4 hxg4 32. hxg4 Kg6 33. Rd8 Rxd8 34. Bxd8 e4 35. Bb6 Be5 36. Kg2 Bf4 37. Kh3 f5 38. gxf5+ Bxf5+ 39. Kg2 Be6 40. Bd4 Kf7 41. a3 Ke8 42. Kf2 Kd7 43. a4 Kc6 44. b4 b5 45. cxb5+ axb5 46. a5 Kb7 47. Bc5 Bb8 48. Ke2 Bf4 49. Kf2 Bb8 50. Ke2 Bh3 51. Nd5 Bg2 52. Nc3 Ka6 53. Ke3 Bf4+ 54. Kf2 Bf3 55. Nd5 Be5 56. Ne7 g4 57. Nf5 Kb7 58. Bd6 g3+ 59. Kg1 Bc3 60. Nxg3 e3 61. Kf1 Bd2 62. Ne2 Kc6 63. Bc5 Kd5 64. a6 Kc4 65. a7 Kd3 66. Nd4 Ba8 67. Ne2 Kc2 68. Nd4+ Kd1 69. Ne2 Bd5 70. Nf4 Bf3 71. Ne2 Bxe2+ 72. Kg2 Bf1+ 73. Kxf1 e2+ 74. Kg2 e1Q 75. a8Q Qe2+ 76. Bf2 Qc4 77. Qf3+ Kc2 78. Qf5+ Kb2 79. Qc5 Bxb4 80. Qxc4 bxc4 81. Kf3 Kc2 82. Ke2 Bc3 83. Bb6 Be5 84. Ba5 Kb2 85. Kd2 Bf4+ 86. Kd1 Bg5 87. Bb4 Kb3 88. Ba5 Bf6 89. Kc1 Bb2+ 90. Kb1 Ba3 91. Bd2 Bd6 92. Be1 Be5 93. Bd2 Bd6 94. Be1 Ba3 95. Bd2 Bb2 96. Be1 Bc3 97. Bg3 Bd2 98. Be5 Bc3 99. Bf4 Bf6 100. Bd2 Be7 101. Be1 Bb4 102. Bxb4 Kxb4 103. Kb2 Kc5 104. Kc3 Kd5 105. Kc2 Kd4 106. Kd2 c3+ 107. Kc2 Kc4 108. Kc1 Kd3 109. Kd1 Kd4 110. Kc2 Kc4 111. Kc1 Kd3 112. Kd1 c2+ 113. Kc1 Kc3 1/2-1/2

[Event "Dhaka IRT U2000"]
[Site "Dhaka"]
[Date "2018.02.18"]
[Round "5"]
[White "Md Zaber, Al Hamid"]
[Black "Md Jamal, Uddin"]
[Result "0-1"]
[WhiteElo "1870"]
[BlackElo "1954"]
[PlyCount "74"]
[EventDate "2018.02.14"]
[EventType "swiss"]
[EventRounds "9"]
[EventCountry "BAN"]
[SourceTitle "EXT 2024"]
[Source "ChessBase"]
[SourceDate "2023.10.10"]
[SourceVersion "1"]
[SourceVersionDate "2023.10.10"]
[SourceQuality "1"]

1. e4 c5 2. Nc3 Nc6 3. Nf3 Qc7 4. Bc4 e6 5. 0-0 a6 6. a4 Nf6 7. h3 Be7 8. d4 cxd4 9. Nxd4 Nxd4 10. Qxd4 Bc5 11. Qd3 b6 12. Rb1 Bb7 13. b4 Be7 14. Bd2 0-0 15. Qe2 d6 16. f4 d5 17. exd5 exd5 18. Bd3 Bxb4 19. Nb5 Bc5+ 20. Kh1 axb5 21. axb5 Rfe8 22. Qf3 Ne4 23. Be1 Re6 24. f5 Rh6 25. Qg4 Qe5 26. Bxe4 Qxe4 27. Qxe4 dxe4 28. Bb4 Bxb4 29. Rxb4 Rd6 30. Rc4 Rad8 31. Rc7 R8d7 32. Rc3 h6 33. Rg1 Rd5 34. f6 Rxb5 35. fxg7 Rg5 36. Rb1 Kxg7 37. Rxb6 e3 0-1